The Amazing Digital Circus Characters by Picture - Statistics

General Stats
  • This quiz has been taken 157 times
    131 since last reset
  • The average score is 9 of 11
Answer Stats
Picture Answer % Correct
Pomni
97%
Jax
96%
Kinger
90%
Caine
89%
Bubble
88%
Ragatha
88%
Gangle
85%
Zooble
85%
Kaufmo
76%
Gummigoo
70%
The Fudge
47%
No matching quizzes found
Score Distribution
Percent of People with Each Score
Percentile by Number Answered
Your Score History
You have not taken this quiz since the last reset